Nondestructive Evaluation : Theory, Techniques, and Applications

Guardado en:
Detalles Bibliográficos
Autor principal: Shull, Peter J. (Autor)
Formato: Libro
Lenguaje:inglés
Publicado: New York : Marcel Dekker, 2002
Materias:
Etiquetas: Agregar Etiqueta
Sin Etiquetas, Sea el primero en etiquetar este registro!

MARC

LEADER 00000nam a22000003a 4500
001 stu84192
005 20150617225635.0
008 040223s2002----xxu-----------------eng-d
020 |a 0-8247-8872-9 
040 |a STU  |b slo 
041 0 |a eng 
044 |a xxu 
080 |a 620 
100 1 |a Shull, Peter J.  |4 aut 
245 1 |a Nondestructive Evaluation :  |b Theory, Techniques, and Applications 
260 |a New York :  |b Marcel Dekker,  |c 2002 
300 |a 841 s 
650 7 |a materiály  |2 stusub 
650 7 |a testovanie nedeštruktívne  |2 stusub 
996 |b 284M058639  |c M*11289-1  |l MMKN  |s A  |a 24  |w stu84192_0001